01006cam a2200289 a 45000010005000000030006000050050017000110080041000280100017000690200018000860200018001040400023001220500017001450820011001621000024001732450081001972500041002782600036003193000041003555050007003965200208004035210018006115210018006296500019006476500022006667000028006885959FISKH20250211154647.0100326s2011 nyua b 000 1 eng  a 2010006900 a9780316070386 a9780545636155 aDLCcDLCdDLCbeng aPZ7.H18944 C a823.921 aHan, Jennyd(1980-)10aClara Lee and the apple pie dream /cJenny Han ; with pictures by Julia Kuo. aThis edition first published in 2013 aNew York :bScholastic ,c2011. a149 pages :billustrations ;c20 cm. aP  aKorean American fourth-grader Clara Lee longs to be Little Miss Apple Pie, and when her luck seems suddenly to change for the better, she overcomes her fear of public speaking and enters the competition.8 a600 bLexile 8 aP bRaz-Plus  1aLuckvFiction. 1aSchoolsvFiction.1 aKuo, Juliaeillustrator